| 000 | 01366nam a2200217 a 4500 | ||
|---|---|---|---|
| 001 | 000047720 | ||
| 005 | 20260129125203.0 | ||
| 008 | 081117s2015 dr l o001 0 spa d | ||
| 040 |
_aDO-SdBNP _bspa _cBNPHU |
||
| 082 |
_a344.729302 _bR426r,2015 |
||
| 110 | 1 |
_aRepública Dominicana. _9447 |
|
| 240 | 1 | 0 | _a[Reglamentos,etc.] |
| 245 | 1 | 0 |
_aReglamento sobre aspectos generales de afiliación al seguro Familiar de salud del régimen contributivo : _baprobado por el Consejo Nacional de Seguridad Social mediante resolución No. 155-02 del CNSS de fecha 22 de febrero del año 2007, promulgado mediante el decreto 234-07, de fecha 04 de mayo del 2007. Modificado mediante resolución no. 240-08 del CNSS de fecha 27 de mayo del 2010, promulgado mediante Decreto no. 324-10 de fecha 16 de junio del 2010. |
| 260 |
_aSanto Domingo : _bCNSS, _c2015. |
||
| 300 |
_a41 p. ; _c22 cm. |
||
| 505 | 0 |
_aIntroducción -- _tDisposiciones generales -- _tDe la afiliación al SFS del Régimen Contributivo -- _tLa covertura familiar -- _tMecanismos de la afiliación al sistema -- _tCotización -- _tMovimiento en el núcleo familiar -- _tDecreto 324-40 |
|
| 590 | _aInventariado, 2018/VM | ||
| 650 | 4 |
_aSeguridad social _xLegislación _zRepública Dominicana _914351 |
|
| 650 | 0 |
_aLegislación social _91149 |
|
| 710 | 2 |
_aConsejo Nacional de Seguridad Social (República Dominicana) _963839 |
|
| 999 |
_c47208 _d47208 |
||